[Event "Astrakhan FIDE GP"]
[Site "Astrakhan"]
[Date "2010.05.21"]
[Round "10"]
[White "Eljanov, Pavel"]
[Black "Leko, Peter"]
[Result "1-0"]
[WhiteElo "2751"]
[BlackElo "2735"]
[Annotator "Postny,Evgeny"]
[PlyCount "85"]
[EventDate "2010.05.10"]
[EventType "tourn"]
[EventRounds "13"]
[EventCountry "RUS"]
[EventCategory "20"]
[SourceTitle "CBM 137"]
[Source "ChessBase"]
[SourceDate "2010.07.15"]
[SourceVersion "1"]
[SourceVersionDate "2010.07.15"]
[SourceQuality "1"]

1. d4 {Edouard,Romain} d5 2. c4 c6 3. Nc3 Nf6 4. e3 e6 5. b3 {A rare move, avoiding the main lines of the Meran Variation. Several weeks beforehand Eljanov had already played this line in the Russian team championships.} Nbd7 (5... Bb4 6. Bb2 O-O 7. a3 Bd6 8. Nf3 Nbd7 9. Be2 b6 10. O-O Bb7 11. b4 Qe7 12. Qc2 dxc4 13. Bxc4 c5 $11 {0-1 Eljanov,P (2736)-Motylev,A (2705)/Dagomys RUS 2010/The Week in Chess 804 (42)}) 6. Bb2 Bd6 7. Bd3 {Normally White develops the knight to f3 here, but Pavel has a different setup in mind.} O-O 8. Nge2 {This is the point. However, objectively the knight on e2 isn't better placed, so White can't claim any advantage this way.} (8. Nf3 {would lead to regular anti-Meran positions.}) 8... b6 {Leko follows a standard plan. Fianchettoing the light-squared bishop, followed by the ...c6-c5 advance.} (8... e5 $6 9. cxd5 cxd5 10. dxe5 Nxe5 11. Bc2 $14 {This is the position White is striving for. His pieces are flexibly placed, and Black's isolated pawn is a target.}) 9. O-O Bb7 10. Ng3 {Now in the event of ...e6-e5 the white knight is ready to move to f5.} (10. e4 $2 {would blunder a pawn after} dxe4 11. Nxe4 Nxe4 12. Bxe4 Bxh2+ $1 13. Kxh2 Qh4+ 14. Kg1 Qxe4) 10... c5 11. Nb5 $146 {This is a punch in the air. White should have tried something in the centre. In the event of 11.cxd5 very interesting complications could arise.} (11. cxd5 cxd4 (11... Nxd5 12. Nxd5 Bxd5 13. e4 Bb7 14. e5 Bc7 15. f4 $14) ({RR} 11... Nxd5 12. Nxd5 Bxd5 13. dxc5 Nxc5 14. Qg4 g6 ({RR} 14... f6 15. Bc2) 15. Bc4 Bxc4 16. Qxc4) 12. Nce4 Bxg3 ({RR} 12... Nxe4 13. Nxe4) 13. fxg3 (13. Nxg3 dxe3 14. dxe6 exf2+ 15. Rxf2 fxe6 16. Qe2 $44) ({RR} 13. fxg3 Nxd5 14. Nd6 Qc7 ({RR} 14... Nxe3 15. Bxh7+ Kxh7 16. Qxd4) 15. Nxb7 Qxb7 16. exd4 N7f6) 13... Nxd5 (13... Nxe4 $1 14. Bxe4 f5 15. Bf3 e5 16. exd4 e4 17. Be2 Bxd5 $13) 14. Nd6 Nxe3 $140 {[%tqu "En","How should White continue?","","","d3h7","",10]} 15. Bxh7+ $1 Kxh7 16. Qxd4 Nf6 17. Qh4+ Kg6 18. Bxf6 gxf6 19. Nxb7 Qe7 20. Qe4+ f5 21. Qxe3 Qxb7 22. Rf4 $1 $16 {[%cal Gg3g4]}) ({RR} 11. cxd5 cxd4 12. Nce4 Bxg3 13. Nxg3 dxe3 ({RR} 13... Nxd5 14. Bxd4) 14. dxe6 exf2+ 15. Rxf2 fxe6 16. Qe2 Nc5 17. Bc2 Ba6 18. Qe1 Qe8 ({RR} 18... Nd5 19. Rxf8+ ({RR} 19. Rd1 Rxf2 20. Qxf2 Qg5) ({RR} 19. b4 Rxf2 20. Kxf2 Nxb4 21. Qxb4 Qd3) 19... Qxf8 20. b4 Nd3 21. Qxe6+ Qf7 22. Qxf7+ Kxf7 23. Rf1+ Ke6) 19. Rd1 Rc8 ({RR} 19... Rd8 20. Rxd8 Qxd8 21. b4 Nd3 22. Qxe6+ Kh8 23. Rd2 Qc8 24. Qxc8 Rxc8 25. Bxf6 gxf6 26. Nh5 ({RR} 26. Bxd3 Rd8)) 20. b4 Nb7 21. Ne4 ({RR} 21. a4) 21... Nd5 ({RR} 21... Nh5 22. Rxf8+ Qxf8 23. Bb1 Qe7 24. Ng5) ({RR} 21... Qe7 22. Nxf6+ gxf6 23. Qe4 e5 24. b5 Bxb5 25. Qd5+) 22. Rxf8+ Qxf8 23. Bb1 ({RR} 23. Bb3) 23... Qxb4 24. Nf6+ Kh8 ({RR} 24... gxf6 25. Qxe6+) 25. Qxe6 Ra8 {Carlsen,M (2863)-Duda,J (2757) Stavanger 2020 CBM 199 [Edouard,Romain] 1-0} ({RR} 25... Ne7 26. Qh3 h6 27. Ba1)) ({RR} 11. cxd5 exd5 12. Nf5 Bb8 13. Qf3 Re8 14. Rad1 g6 15. Ng3 a6 16. Bb1 Bd6 17. Nge2 Qc7 18. Qh3 Rad8 19. f4 Bf8 20. Rf3 Bg7 21. g4 b5 22. g5 Nh5 23. a3 b4 24. axb4 cxb4 25. Na4 Bc6 {Finek,V (2571)-Davtyan,A (2430) Katowice POL 2026 0-1 (49)}) ({RR} 11. cxd5 cxd4 12. Nce4 Nxe4 13. Nxe4 Nc5 14. Nxc5 bxc5 15. exd4 cxd4 16. Qh5 g6 17. Qh6 e5 18. f4 Re8 19. fxe5 Bxe5 20. Rxf7 Kxf7 21. Qxh7+ Kf6 22. Rf1+ Bf4 23. Bxd4+ {1-0 (23) Petrosyan,M (2607)-Drygalov,S (2483) Chess.com INT 2020}) 11... Be7 12. Qe2 cxd4 13. exd4 Nb8 $1 {A good manoeuvre. The knight is going to c6 where it will press against the d4. Later on it can also move to a5 to put pressure on the c4. It can be concluded that Black has already solved his opening problems.} 14. Qe3 (14. Nh5 {is not frightening for Black. He can even ignore it, or to play} Nxh5 15. Qxh5 g6 16. Qh3 Nc6 {with a comfortable position.}) 14... Nc6 15. Rac1 Rc8 16. Rfd1 Re8 17. Bf1 Bf8 {Leko could kick away the knight by a7-a6, but he waits for the right moment.} 18. h3 Qd7 19. Be2 Red8 20. Bf1 {White's manoeuvres are not impressive, but it's difficult to suggest a reasonable improvement. Black is the only side that can come up with something.} a6 21. Nc3 Na5 $6 {An important moment.} (21... dxc4 22. bxc4 Nxd4 {From the human point of view, this looks extremely risky, so I understand why Leko didn't go for this. However, concrete variations confirm that Black is fine here.} 23. Nce4 (23. Nb5 axb5 24. Rxd4 Qe8 25. Rxd8 Qxd8 26. cxb5 Bc5 $15) 23... Nxe4 24. Rxd4 Bc5 25. Rcd1 (25. Rxd7 $2 Bxe3 26. Rxd8+ Rxd8 27. fxe3 Nxg3 $19) 25... Nxf2 $1 (25... Nd6 26. Nh5 Qe7 27. Nxg7 $1 Ne4 28. Nh5 Bxd4 29. Rxd4 Rxd4 30. Qxd4 e5 31. Qxb6 $44) 26. Qxf2 Qc7 27. Kh2 Rd6 $1 28. Qe2 $1 Bxd4 29. Rxd4 Rxd4 30. Bxd4 b5 $1 {This position is not easy to evaluate, but Black is definitely not worse.}) 22. cxd5 Nxd5 23. Nxd5 Qxd5 {Black could not recapture with the bishop, because the a6 would be left hanging.} 24. Ne2 $1 {[%cal Ge2f4] Emphasizing that a queen is not a good blockading piece.} b5 $6 {This move weakens the c5-square which will become very apparent later in the game.} (24... Rxc1 25. Rxc1 Nc6 {transfering the knight to a better square.} 26. Nf4 Qa5 27. a3 $1 Ne7 $11 {[%cal Ge7d5]}) 25. Nf4 Qg5 $6 ({Again it was better to exchange rooks by} 25... Rxc1 26. Rxc1 Qd6 {Here White's only chance for an initiative is} 27. d5 $1 exd5 28. Rd1 {but with a couple of precise moves Black should equalise.}) 26. Nd3 $1 {White doesn't mind swapping queens. Meanwhile, the knight is heading to the c5-square.} Qxe3 27. fxe3 {After several inaccuracies Black is on the defensive. In fact the endgame is more unpleasant than it seems.} Be4 28. Nc5 Bxc5 29. dxc5 {White has a serious advantage thanks to the pair of good bishops and strong passed pawn.} Rd5 30. Bc3 Nc6 31. b4 Rb8 $2 (31... Ne7 $1 {was the only way to prevent a2-a4.} 32. a4 $140 $2 {White should play 32.f2 or 32.e2 keeping long-lasting pressure.} Rxd1 33. Rxd1 Nd5 34. Bd2 Bc2 {[%csl Ra4,Rd1]}) 32. a4 $1 {Now the position can hardly be saved. White is going to occupy the a-file with his rook.} f6 ({The weakness of Black's back rank is clearly emphasised in the following variation:} 32... bxa4 $2 33. Bxa6 Nxb4 34. Bxb4 Rxb4 35. c6 Rxd1+ 36. Rxd1 Bxc6 37. Rd8+ $18) 33. Rxd5 Bxd5 34. axb5 axb5 35. Ra1 Kf7 36. Bd3 Bc4 (36... f5 {was necessary, but the endgame is gruesome for Black.}) 37. Be4 Bd5 38. Bd3 {Of course White should have taken on d5 immediately, but probably in mutual time-trouble Pavel didn't see yet that he is already winning by force.} Bc4 ({Again} 38... f5 {as in the previous comment.}) 39. Be4 Bd5 40. Bxd5 $1 exd5 41. Ra6 Ne7 42. Rb6 $1 d4 (42... Rxb6 43. cxb6 Ke6 44. b7 Nc6 45. Be1 $1 {[%cal Ge1g3] White wins a piece.}) 43. Bxd4 (43. Bxd4 Rxb6 44. cxb6 Nc6 45. b7 $18 {[%cal Gd4a7]}) 1-0

[Event "EU-chT (Men) 21st"]
[Site "Heraklion"]
[Date "2017.11.04"]
[Round "7.1"]
[White "Eljanov, Pavel"]
[Black "Lupulescu, Constantin"]
[Result "1-0"]
[WhiteElo "2720"]
[BlackElo "2620"]
[Annotator "Sadorra,Julio"]
[PlyCount "71"]
[EventDate "2017.10.28"]
[EventType "team-swiss"]
[EventRounds "9"]
[EventCountry "GRE"]
[SourceTitle "CBM 182"]
[Source "ChessBase"]
[SourceDate "2018.01.17"]
[SourceVersion "1"]
[SourceVersionDate "2018.01.17"]
[SourceQuality "1"]
[WhiteTeam "Ukraine"]
[BlackTeam "Romania"]
[WhiteTeamCountry "UKR"]
[BlackTeamCountry "ROU"]

1. c4 e6 2. Nc3 d5 3. d4 a6 {This sideline in the QGD has become a popular weapon among GMs to take White players "out of their books," but as we will see Eljanov also has this sideline in his book!} 4. cxd5 exd5 5. Bf4 c6 6. e3 Bd6 7. Bxd6 Qxd6 8. Bd3 Nf6 9. h3 O-O 10. Nf3 {We have arrived at the Exchange Variation of the QGD, only the dark-squared bishops are off and Black has a pawn on a6.} Nbd7 ({In one game, Black tried to quickly get a knight on e4 with} 10... Re8 11. O-O Ne4 12. Qc2 Qe7 {but White can take advantage of his development advantage by} 13. Bxe4 $1 dxe4 14. Nd2 f5 15. Nc4 Nd7 {½-½ (74) Nguyen,N (2621)-Inarkiev,E (2682) Dubai 2014, and here White could have increased his edge with} 16. d5 $1 cxd5 (16... c5 17. a4 Ne5 18. d6 Qe6 19. Nxe5 Qxe5 20. Rfd1 Be6 21. a5 $14 {[%csl Rc5][%cal Gc3a4,Ra4c5]}) 17. Nxd5 Qc5 18. Qd2 $1 Qxc4 19. Rac1 Qd3 20. Qxd3 exd3 21. Nc7 $16) 11. O-O Re8 12. Qc2 Qe7 (12... Nf8 13. Rab1 Ng6 14. b4 Qe7 (14... Re7 15. Rfc1 b5 16. Ne2 $5 (16. a4 Bd7 17. Ra1 $16) 16... Bb7 (16... Bd7 17. Ng3 Ree8 18. a4 $16) 17. Ng3 Ree8 18. a4 Nd7 19. a5 $16 {1-0 (52) Chuchelov,V (2600)-Iasoni,R (2133) France 2002}) 15. a4 Ne4 16. b5 (16. Rfc1 $142 Bf5 17. b5 axb5 18. axb5 Nxc3 19. Qxc3 Ra3 20. Rb3 Rxb3 21. Qxb3 $14) 16... axb5 17. axb5 Ng5 $1 18. Nxg5 Qxg5 19. f4 (19. Kh1 Nh4 20. Rg1 Qh6) 19... Qf6 20. f5 Nh4 $132 {½-½ (70) Le,Q (2715)-Grachev,B (2680) Khanty-Mansiysk 2011}) 13. Rab1 Ne4 14. Na4 $5 {[%csl Rb6,Rc5] With Black's weakened queenside, Eljanov first gets his knight on one of the weak squares before carrying out the minority attack.} Nf8 15. b4 Ng6 16. Nc5 $146 (16. Nb6 $5 Rb8 17. a4 (17. Bxe4 dxe4 18. Nd2 Nh4 $132) 17... Qf6 18. Nxc8 Rbxc8 19. Rfc1 $14) ({RR} 16. Rfe1 Rb8 17. Nc5 Qf6 18. Nh2 Nd6 19. a4 h5 20. f4 Nh4 21. Qf2 b6 22. e4 dxe4 23. Nxe4 Nxe4 24. Bxe4 Bd7 25. Bc2 Bf5 {½-½ (25) Jin,Y (2353)-Mahdavi,R (2445) Al Ain UAE 2025}) 16... Nh4 (16... Bf5 17. Rfc1 $14 {[%cal Ga2a4,Gb4b5]}) ({The best way to fight for equality is to use some small tactics with} 16... Qf6 $5 17. Kh2 $1 (17. Nxe4 $4 dxe4 18. Bxe4 Rxe4 19. Qxe4 Bf5 $19) (17. Rfc1 Bxh3 (17... Nd6 18. Ne1 $14) 18. Nxb7 Ng5 $1 19. Nxg5 (19. Ne5 Nxe5 20. dxe5 Nf3+ $3 21. Kf1 Qxe5 22. gxh3 Qh2 $40) 19... Qxg5 20. f4 Qe7 $1 $36) (17. Bxe4 dxe4 18. Nd2 Nh4 19. Ndxe4 $2 Qg6 $19) 17... Nd6 (17... Qd6+ 18. Kh1 Qf6 19. Bxe4 dxe4 20. Nd2 Bf5 (20... Nh4 21. Ndxe4 Qg6 22. f3 f5 23. Nc3 Rxe3 24. N3a4 $14) 21. Nxb7 $16) 18. a4 Re7 $14 {It's still easier to play for White, but Black is not without counterplay.}) 17. Nxh4 Qxh4 18. Rfc1 Re7 (18... Ng5 19. Bf1 {and Black has no good follow-up.}) 19. Nxe4 $1 {Eljanov makes the best move from a practical perspective as he eliminates a strong piece that can contribute to Black's future kingside attack.} ({The straighforward approach is also good:} 19. a4 Ng5 20. Bf1 Rc7 (20... g6 21. b5 Bf5 22. Nd3 axb5 23. axb5 Rc7 24. bxc6 bxc6 25. Rb6 Rac8 26. Qb2 $16) 21. Ra1 g6 22. b5 axb5 23. axb5 Rxa1 24. Rxa1 cxb5 25. Qb3 $16) 19... dxe4 20. Bf1 Re6 21. g3 Qd8 {Black admits that his chances to checkmate the White king sre low and decides to defend his queenside weaknesses, but this is equivalent to strategic resignation.} 22. a4 h5 23. Bg2 f5 24. Qc5 (24. h4 g5 25. hxg5 Qxg5 $132 {[%cal Gh5h4,Ge6g6]}) (24. Qb3 $5 {[%cal Gc1c5]}) 24... Rd6 25. h4 g5 26. hxg5 Rd5 27. Qc4 Be6 (27... Qxg5 28. b5 axb5 29. axb5 Bd7 30. bxc6 Bxc6 (30... bxc6 31. Rb5 $1 $16) 31. Rb5 $1 Rad8 32. Rxd5 Rxd5 33. Qa2 Kg7 34. Qa7 Kg6 35. Rc5 $16) 28. b5 $1 $16 Rd6 29. Qc5 Rd5 30. Qc4 Rd6 31. Qb4 Bd5 32. bxc6 bxc6 33. Qb6 (33. Bf1 $1 {[%csl Rd5][%cal Gf1c4,Rc4d5] Planning to eliminate Black's best defensive piece on d5.} a5 34. Qc5 Rg6 35. Bc4 $18) 33... Qxg5 34. Qc7 Rad8 $2 ({A more stubborn move is} 34... Rg6 {but White can at least force a favourable ending with} 35. Rb7 Rg7 36. Qxg7+ Qxg7 37. Rxg7+ Kxg7 38. a5 Kf6 (38... Rb8 39. Bf1 Rb2 40. Ra1 $1) 39. Bf1 Kg5 40. Rb1 $16) 35. Rb8 (35. Rb7 Qg6 36. Rcb1 $18) 35... h4 $6 {The last mistake, but it's difficult to recommend anything good for Black to save his position anyway.} 36. Qxd6 {Black left a rook hanging and got nothing in return, so he resigned.} 1-0

[Event "USA-ch"]
[Site "Saint Louis"]
[Date "2017.04.04"]
[Round "6"]
[White "So, Wesley"]
[Black "Akobian, Varuzhan"]
[Result "1/2-1/2"]
[WhiteElo "2822"]
[BlackElo "2645"]
[Annotator "Moradiabadi,Elshan"]
[PlyCount "90"]
[EventDate "2017.03.29"]
[EventType "tourn"]
[EventRounds "11"]
[EventCountry "USA"]
[EventCategory "18"]
[SourceTitle "CBM 178"]
[Source "ChessBase"]
[SourceDate "2017.05.14"]
[SourceVersion "1"]
[SourceVersionDate "2017.05.14"]
[SourceQuality "1"]

1. c4 e6 2. Nc3 d5 3. d4 Be7 4. cxd5 exd5 5. Bf4 c6 6. e3 Bf5 7. g4 Be6 8. h4 Nd7 9. g5 h6 10. g6 fxg6 ({RR} 10... Ngf6 11. gxf7+ Bxf7 12. Bd3 O-O 13. Qf3 Qb6 14. O-O-O c5 15. Nge2 Rac8 16. Rhg1 Kh8 17. Bc2 cxd4 18. Rxd4 Bc5 19. Na4 Qa5 20. Nxc5 Rxc5 21. Bd6 Qxa2 22. Bxc5 Nxc5 23. Qg3 Rg8 24. Qc7 Qa1+ 25. Kd2 {Nepomniachtchi,I (2721)-Aronian,L (2803) Beijing 2013 1-0 (75)}) 11. Bd3 Nf8 ({RR} 11... Bf7 12. Qc2 Ngf6 13. Bxg6 O-O 14. Bxf7+ Rxf7 15. Nge2 b5 16. O-O-O b4 17. Na4 Rc8 18. Kb1 c5 19. dxc5 Nxc5 20. Nxc5 Rxc5 21. Qg6 Ne4 22. Rhg1 Bf6 23. f3 Nf2 24. Rc1 Rc4 25. Bxh6 b3 26. axb3 {Sieciechowicz,M (2386)-Movahed,S (2575) chess.com INT 2026 0-1 (46)}) 12. Nf3 Bg4 $146 (12... Bf5 13. Ne5 Nf6 14. Rg1 Ne4 15. Bxe4 Bxe4 16. Nxe4 dxe4 17. Qb3 $16 {1-0 (40) Caruana,F (2736)-Melkumyan,H (2620) Moscow 2012}) ({RR} 12... Bf5 13. Ne5 Nf6 14. Rg1 Ne4 15. Bxe4 Bxe4 16. Nxe4 dxe4 17. Qb3 Qa5+ 18. Kf1 Qb5+ 19. Qxb5 cxb5 20. Rc1 Bxh4 21. Bh2 Bd8 22. Rg4 Nd7 23. Rxg6 Bf6 24. Rc7 Nf8 25. Rg4 Ne6 26. Rxb7 O-O 27. Nd7 {Caruana,F (2736)-Melkumyan,H (2620) Moscow 2012 1-0 (40)}) 13. Rg1 Nf6 14. Rg3 $2 (14. Qc2 $145 $1 Bxf3 15. Bxg6+ Nxg6 16. Qxg6+ Kd7 17. Qf5+ Ke8 $11) 14... g5 15. hxg5 hxg5 16. Bxg5 Rh1+ 17. Bf1 Qc8 18. Qb3 $6 {312 Akobian had uncorked a very important novelty early on in this game. Here, he could have played two very important move which would have earned him the brilliancy prize of the year (I doubt such a prize still exists but we would have given one to 'Var' had he found it!).} (18. Bxf6 $142 gxf6 19. Qb3 Bd6 20. Rxg4 Qxg4 21. Qxb7 Qc8 $17) 18... N8h7 {In extreme time pressure, Akobian did not find the winning continuation despite spending sixteen minutes trying to find the idea. I think he believed deep down that his position is winning but he was unable to fully realize the potential of the maneuver f5-d3.} ({The winning maneuver would have been} 18... Bd6 $1 19. Ne5 Bxe5 20. dxe5 {[#]} Qf5 $3 21. Qxb7 (21. f3 N6d7 22. O-O-O Qxg5 23. fxg4 O-O-O {and Black would win all of the White's pawn in the center!}) (21. e4 Nxe4 {And Black is winning.}) 21... Qd3 22. Qxc6+ Kf7 {and mate follows.}) 19. Bxf6 gxf6 20. O-O-O Bd6 21. Rxg4 Qxg4 22. Qxb7 Rc8 23. Qa6 (23. Bd3 $11) 23... Rc7 24. Be2 Rxd1+ 25. Kxd1 Qf5 26. Nd2 (26. a3 $142) 26... Ng5 27. f4 Nh3 28. Bf3 Bb4 $17 29. Nxd5 cxd5 30. Qb5+ Kf7 31. Qxb4 Qd3 $2 (31... Qc2+ $145 32. Ke1 Qc1+ 33. Ke2 Kg7 34. Bxd5 Ng1+ 35. Kf2 a5 36. Qxa5 Rc2 $19) (31... Ng1 $145 $19) 32. Bxd5+ $11 Kg7 33. Qb3 Nf2+ 34. Ke1 Rc1+ 35. Kxf2 Qxd2+ 36. Kf3 Re1 37. Bc4 Qh2 38. Qb7+ Kh6 39. Qe7 Qh1+ 40. Kf2 {[%emt 0:00:24]} Qh4+ 41. Kf3 {[%emt 0:00:30]} Qh1+ 42. Kf2 Qh4+ {[%emt 0:00:30]} 43. Kf3 {[%emt 0:00:03]} Qh3+ {[%emt 0:00:50]} 44. Kf2 Qh4+ 45. Kf3 Qh3+ 1/2-1/2

[Event "Olympiad-34"]
[Site "Istanbul"]
[Date "2000.11.08"]
[Round "11.1"]
[White "Van Wely, Loek"]
[Black "Krasenkow, Michal"]
[Result "1-0"]
[WhiteElo "2643"]
[BlackElo "2702"]
[Annotator "Dautov,Rustem"]
[PlyCount "65"]
[EventDate "2000.10.28"]
[EventType "team-swiss"]
[EventRounds "14"]
[EventCountry "TUR"]
[SourceTitle "EXT 2001"]
[Source "ChessBase"]
[SourceDate "2000.11.22"]
[SourceVersion "1"]
[SourceVersionDate "2000.11.22"]
[SourceQuality "1"]
[WhiteTeam "Netherlands"]
[BlackTeam "Poland"]
[WhiteTeamCountry "NED"]
[BlackTeamCountry "POL"]

1. d4 {Ftacnik} d5 2. c4 e6 3. Nc3 c6 4. e4 dxe4 5. Nxe4 Bb4+ 6. Bd2 Qxd4 7. Bxb4 Qxe4+ 8. Be2 Na6 9. Ba5 f6 {Ftacnik: 'Krasenkow somewhat provocatively hints at the fact, that white's attack doesn't offer real chances for success. '} (9... Bd7) (9... b6) 10. Qd8+ Kf7 11. O-O-O $146 {Eine interessante Neuerung. Weiß entwickelt seinen Springer erst später und läßt sich die Option e2-h5 offen. Es ist nicht leicht, die entstehenden Stellungen einzuschätzen, sie sind sehr komplex.} ({Nach} 11. Nf3 b6 12. Bc3 {kommt Schwarz in Vorteil:} Nc5 $1 (12... Bb7 13. Qd7+ Ne7 14. Qxb7 Nc5 15. Qc7 Rhc8 16. Qg3 Nf5 17. Ng5+ fxg5 18. Qxg5 Nd3+ 19. Kf1 Kg8 $11 {Hodgson,J-Haslinger,S/Scarborough 1999}) 13. Nd2 (13. Rd1 Bb7 14. Rd7+ Kg6 $19 {Miton,K-Markowski,T/Cappelle la Grande 1999}) 13... Qg6 14. b4 Ne7 15. Qxh8 Nd3+ 16. Kf1 Nf4 $17 {Abdulla,A-Barua,D/Teheran 1998}) 11... b6 (11... Qxg2 {Ftacnik} 12. Nf3 Qg6 13. Rhg1 Qf5 14. Rg5 $1 Qe4 (14... fxg5 15. Nxg5+ $18) 15. Rdg1 g6 16. Re5 $18) ({RR} 11... e5 12. Bd3 Qf4+ 13. Kb1 b6 14. Ne2 Qxf2 15. Ng3 Rb8 16. Rhf1 Bg4 17. Bg6+ hxg6 18. Rd7+ Ke6 19. Rd6+ Kf7 20. Rd7+ Ke6 21. Rd6+ {½-½ (21) Nepomniachtchi,I (2716)-Potkin,V (2642) Havana 2012}) ({RR} 11... e5 12. Bd3 Qf4+ 13. Bd2 Qd4 14. Qxd4 exd4 15. Nf3 c5 16. b4 Nxb4 17. Bxb4 cxb4 18. Nxd4 Ne7 19. c5 Rd8 20. Bc4+ Kf8 21. Kb2 Bd7 22. Be6 Be8 23. Bc4 Bf7 24. Bxf7 Kxf7 25. Nb5 Kg8 26. Nd6 {Amrany,B (1948)-Filindash,N (2177) chess.com INT 2026 ½-½ (68)}) 12. Bc3 e5 (12... Qxg2 {Ftacnik} 13. Bh5+ g6 14. Bf3 Qxf2 15. Bxc6 $40) 13. Bh5+ $146 ({RR} 13. Nh3 Qxe2 14. Bxe5 Ne7 15. Qxh8 Bxh3 16. Qxa8 Nb4 17. Kb1 Bf5+ 18. Ka1 Qxe5 19. a3 Nc2+ 20. Ka2 Qe4 21. b3 Qe6 {0-1 (21) Kuntz,J (2011)-Olsen,F (2293) Svendborg 2019}) ({RR} 13. Bf3 Qxc4 14. Rd6 Nb4 {½-½ (14) Peng,L (2428)-Solodovnichenko,Y (2544) Kremenchuk 2020}) 13... g6 14. Bf3 Qf4+ $2 {Dieses überflüssige Schach ermöglicht Weiß die schnelle Verdopplung der Türme auf der d-Linie. Vorzuziehen war 14...xc4.} (14... Qxc4 $1 {Von der Einschätzung dieser kritischen Stellung hängt die Beurteilung Van Welys Neuerung ab. Es sieht so aus, als ob sich Schwarz erfolgreich verteidigen könnte:} 15. Ne2 (15. Rd6 Rb8 $5 16. Rxc6 Qf1+ 17. Kd2 Be6 18. Rc7+ Nxc7 19. Qxb8 Nd5 $17) 15... Rb8 $1 {e6 '!?' Ftacnik.} (15... Qxa2 $2 {Ftacnik} 16. Bxc6 $18)) 15. Rd2 Qxc4 (15... Rb8 {Ftacnik} 16. Bxc6 Be6 17. Qd3 $15) 16. Ne2 Qxa2 $2 {Die Entfernung der schwarzen Dame von der vierten Reihe und der damit verbundene Tempoverlust bringen den Nachziehenden in ernsthafte Gefahr.} ({Richtig war} 16... Rb8 $1 {Ich sehe nicht Besseres für Weiß als Dauerschach:} 17. Rhd1 (17. b3 Qc5 18. Rhd1 Bf5 19. Rd7+ Ne7 $19) 17... Bf5 18. Rd7+ Bxd7 19. Rxd7+ Ke6 20. Rd6+ Kf7 21. Rd7+ $11 (21. Qd7+ $2 Kf8 22. Rxc6 Qf7 23. Qd6+ Kg7 $17)) 17. Rd6 Rb8 (17... Qa1+ 18. Kd2 Qxh1 19. Bxc6 $16 {Außer xa8 droht es d5+ nebst xg8}) (17... Nc5 18. Qc7+ Ne7 19. Rxf6+ Kxf6 20. Qxe5+ Kf7 21. Qf6+ $18) 18. Rhd1 Be6 $2 {Ftacnik: 'Black managed to grab three pawns, but his position is still an example of play with the fire. The mistake of this magnitute will cost black's king his life, even though Van Wely repeated the moves to make sure the correct solutions is final.' Das verliert forciert. Dabei konnte Schwarz nach 18...g7! noch Widerstand leisten.} (18... Kg7 19. Rxc6 Bf5 (19... Bg4 {Ftacnik} 20. Qd3 Bxf3 21. Qxf3 Qf7 $17) 20. Qd6 $40) (18... Qa1+ {Ftacnik} 19. Kd2 Qa2 20. Ke1 $1 $40) 19. Rd7+ Bxd7 20. Rxd7+ Ke6 21. Rd6+ Kf7 22. Rd7+ Ke6 23. Bg4+ f5 24. Rd6+ Kf7 25. Rd7+ Ke6 26. Nf4+ $1 exf4 27. Rd6+ Kf7 28. Rd7+ Ke6 29. Rd6+ Kf7 30. Qd7+ Ne7 31. Rf6+ Kg7 (31... Kg8 32. Qxe7 $18) 32. Qxe7+ Kh6 33. Rxg6+ $1 1-0